| 000 | 00888cab a2200289 4500 | ||
|---|---|---|---|
| 001 | ABS54189 | ||
| 008 | 090401t1995 xxu||||| |||| 00| 0 eng d | ||
| 035 | _a(Sirsi) u8946 | ||
| 041 | _aeng | ||
| 100 | _aWhite, G. | ||
| 245 | _aNew rules on releases may still leave tenants in a bind | ||
| 260 | _c1995 | ||
| 350 | _a0 | ||
| 490 |
_aProperty Week _v53(11/12) 14 December 1995, 34-35(2) |
||
| 520 | _aLooks at the implications of release provisions for landlords and tenants in the Landlord and Tenant (Covenants) Act 1995. | ||
| 650 | _aCOMMERCIAL LEASES | ||
| 650 | _aLANDLORD AND TENANT (COVENANTS) ACT 1995 | ||
| 650 | _aLEASES | ||
| 650 | _aPRIVITY OF CONTRACT | ||
| 650 | _aRELEASE PROVISIONS | ||
| 650 | _aRESIDENTIAL LEASES | ||
| 650 | _aTENANT COVENANTS | ||
| 690 |
_aLandlord and tenant _96252 |
||
| 700 | _aVivian, J. | ||
| 942 | _n0 | ||
| 948 | _c04/03/1997 | ||
| 999 |
_c5543 _d5543 |
||